Produktivita, mzdové náklady a jednotkové náklady práce spracovateľského priemyslu v medzinárodnom porovnaní

Konkurencieschopnosť spracovateľského priemyslu na národnej úrovni ovplyvňuje množstvo faktorov. Spomedzi nich sú dôležitým determinantom konkurenčnej schopnosti jednotkové náklady práce, vývoj hodinovej produktivity práce a mzdových nákladov. Pozícia Slovenska v týchto ukazovateľoch v medzinárodnom...

Celý popis

Uložené v:
Podrobná bibliografia
Hlavný autor: Lábaj, Martin, 1982-
Médium: Kapitola
Jazyk:Slovak
Predmet:
Tagy: Pridať tag
Žiadne tagy, Buďte prvý, kto otaguje tento záznam!

MARC

LEADER 00000nla a2200000 4500
001 0242392
005 20240502073936.9
041 0 |a slo 
044 |a SK 
245 1 0 |a Produktivita, mzdové náklady a jednotkové náklady práce spracovateľského priemyslu v medzinárodnom porovnaní  |c Martin Lábaj 
520 |a Konkurencieschopnosť spracovateľského priemyslu na národnej úrovni ovplyvňuje množstvo faktorov. Spomedzi nich sú dôležitým determinantom konkurenčnej schopnosti jednotkové náklady práce, vývoj hodinovej produktivity práce a mzdových nákladov. Pozícia Slovenska v týchto ukazovateľoch v medzinárodnom porovnaní. Medziodvetvové a vnútroodvetvové rozdiely v produktivite práce, mzdových nákladoch a rozdielne využívanie pracovných síl. 
610 2 0 |a Slovensko 
610 2 0 |a priemysel spracovateľský 
610 2 0 |a produktivita práce 
610 2 0 |a náklady mzdové 
610 2 0 |a porovnanie medzinárodné 
100 1 |a Lábaj, Martin, 1982-